Culture Générale - Série 2426 - Statistiques

Statistiques générales
  • Ce quiz a été pris 140 fois
  • Le résultat moyen est 5 sur 10
Statistiques - réponses
Question Réponse % Correct
De quel pays La Valette est-elle la capitale ? voir drapeau Malte
95%
De quel groupe pop faisait partie le chanteur et guitariste Kurt Cobain (1967-1994) ? Nirvana
76%
Quel est l'état des Etats Unis le plus peuplé ? Californie
74%
Quel lac est considéré comme le plus profond du monde ? Baïkal
53%
De quelle ville d'Egypte provient l'obélisque de la place de la Concorde de Paris ? Louxor
52%
Quel est l'auteur de l'ouvrage "L'origine des espèces" ? prénom et nom Charles Darwin
49%
Sport de raquette dérivé du tennis, se jouant sur un court plus petit, encadré de murs et de grillages padel
28%
Quel artiste a emballé le Pont Neuf à Paris en 1985 ? Christo
21%
Quel est le nom du moine communément reconnu comme le père fondateur de la génétique ? Mendel
20%
Dans quel film entend-on la réplique de Jean Gabin "Quand on mettra les cons sur orbite, t'as pas fini de tourner"? Le pacha
9%
Aucun quiz correspondant
Distribution des résultats
% des personnes avec chaque résultat
Percentile par nombre de réponses
Votre historique - résultats
Vous n’avez pas pris ce quiz